Mosaic. t.I, a reading skills book /

Spremljeno u:
Bibliografski detalji
Glavni autor: Wegmann, Brenda, 1941-
Daljnji autori: Knezevic, Miki Prijic.
Format: Sách giấy
Jezik:English
Izdano: New York : McGraw-Hill, 1996.
Izdanje:3rd ed.
Teme:
Oznake: Dodaj oznaku
Bez oznaka, Budi prvi tko označuje ovaj zapis!
Thư viện lưu trữ: Thư viện Trường Đại học Đà Lạt
LEADER 00878nam a2200361 4500
001 DLU110120643
005 ##20110505
040 # # |a DLU  |b vie 
041 # # |a eng 
044 # # |a vn 
082 # # |a 428.6  |b WE-B 
100 # # |a Wegmann, Brenda,   |d 1941- 
245 # # |a Mosaic.  |n t.I,  |p a reading skills book /  |c Brenda Wegmann, Miki Prijic Knezevic. 
250 # # |a 3rd ed. 
260 # # |a New York :  |b McGraw-Hill,  |c 1996. 
300 # # |a xvii, 279 p. :  |b ill ;  |c 23 cm. 
653 # # |a English language 
653 # # |a Readers 
653 # # |a Textbooks for foreign speakers 
700 # # |a Knezevic, Miki Prijic. 
923 # # |a 01/2011NN 
990 # # |a t.I 
991 # # |a GT 
992 # # |a 0 
993 # # |a 1996 
994 # # |a KNN 
900 # # |a True 
911 # # |a Nguyễn Thanh Hương 
925 # # |a G 
926 # # |a A 
927 # # |a SH 
980 # # |a Thư viện Trường Đại học Đà Lạt